Marathas 1600-1818(the New Cambridge History of India) (Record no. 6544)
[ view plain ]
| 000 -LEADER | |
|---|---|
| fixed length control field | 00673nam a2200253 a 4500 |
| 020 ## - INTERNATIONAL STANDARD BOOK NUMBER | |
| ISBN | 8185618 |
| 082 00 - DEWEY DECIMAL CLASSIFICATION NUMBER | |
| Classification number | 954.02 |
| Author Cutter | GOR |
| 100 ## - MAIN ENTRY--AUTHOR NAME | |
| Author name | Gordon, Stewart |
| 245 ## - TITLE STATEMENT | |
| Title | Marathas 1600-1818(the New Cambridge History of India) |
| 260 ## - PUBLICATION, DISTRIBUTION, ETC. (IMPRINT) | |
| Place of publication | Delhi |
| Name of publisher | Cambridge University Press |
| Year of publication | 1993 |
| 300 ## - PHYSICAL DESCRIPTION | |
| Number of Pages | 202p |
| 500 ## - GENERAL NOTE | |
| General note | includes index and biblioraphy |
| 505 2# - FORMATTED CONTENTS NOTE | |
| Formatted contents note | Appendices, Biblio, Index |
| 650 ## - SUBJECT ADDED ENTRY--TOPICAL TERM | |
| Topical Term | India-History |
| 650 ## - SUBJECT ADDED ENTRY--TOPICAL TERM | |
| Topical Term | Marathas-History |
| 942 ## - ADDED ENTRY ELEMENTS (KOHA) | |
| Koha item type | Books |
| 700 1# - | |
| -- | Gordon, Stewart |
| Collection code | Home library | Current library | Date acquired | Cost, normal purchase price | Full call number | Accession Number | Koha item type |
|---|---|---|---|---|---|---|---|
| Henry Martyn Institute Library | Henry Martyn Institute Library | 04/03/2007 | 275.00 | 954.02 GOR | 014660 | Books |
